Statistics for Cuphead A-Z

Click here to take the quiz!

General Stats

  • This quiz has been taken 48 times
  • The average score is 16 of 26

Answer Stats

LetterHintAnswer% Correct
MCuphead's prudent porcelain partnerMugman
88%
NWhere you can watch The Cuphead Show!Netflix
85%
SCuphead owes the Devil thishis soul
79%
PSlapping pink objects with your strawParry
79%
CTenacious cook and lime murdererChef Saltbaker
76%
EThe cups' aged caretaker who is also a pyromaniacElder Kettle
76%
FThe species of the Clip Joint Calamity bossesfrog
76%
WI ain't too ____ about it.worried
73%
AThe Moonshine Mob's bodyguardAnteater
70%
DTwirl around briskly, and he will grant you wishes threeDjimmi the Great
70%
GMs. Chalice is one of theseghost
70%
BHe wants to become CupheadBowlboy
67%
KHost of {R}King Dice
67%
ORoot Pack onionOllie Bulb
67%
TVery first "level"Tutorial
67%
ZHilda Bergzeppelin
64%
QHe knows how many times you have failed and perishedQuadratus
55%
HTeam of canine pilots commandeered by a salukiThe Howling Aces
55%
RThe game show that's literally impossible to loseRoll the Dice
52%
VSal and Chauncey, for examplevegetable
52%
YWhat it says when you lose a fightYOU DIED!
52%
LPiano Instructor ExtraordinaireLudwig
48%
IMuffin man with a crooked hatice cream man
45%
XWhat Cuphead pours into his head in the original trailerXXX
45%
UBosses that did not make it into the final gameunused
30%
JMysterious man from the black marketJerry
21%

Score Distribution

Percentile by Number Answered

Percent of People with Each Score

Your Score History

You have not taken this quiz